Statistics for Countries by Official Languages

Click here to take the quiz!

General Stats

  • This quiz has been taken 43 times
    (26 since last reset)
  • The average score is 8 of 10

Answer Stats

QuestionAnswer% Correct
GermanAustria
100%
RussianBelarus
100%
Mandarin ChineseSingapore
96%
PortugeseAngola
91%
TurkishCyprus
91%
SpanishDominican Republic
91%
FrenchLuxembourg
91%
EnglishCameroon
74%
HindiFiji
48%
ArabicMauritania
48%

Score Distribution

Percentile by Number Answered

Percent of People with Each Score

Your Score History

You have not taken this quiz since the last reset